| 000 | 00412nam a2200157Ia 4500 | ||
|---|---|---|---|
| 020 | _a(pbk) | ||
| 082 |
_a297 _bYOU |
||
| 100 |
_aYusuf, Muhammad _937260 |
||
| 245 |
_aIslam: _bthe purpose of this life |
||
| 260 |
_aIslamabad: _bDa`wah Academy, _c1991 |
||
| 300 | _a16p. | ||
| 526 |
_a0 _b0 _c0 _d297_000000000000000_YOU |
||
| 650 |
_aIslam -- Study and Teaching _937261 |
||
| 650 |
_aMCE _9379 |
||
| 942 |
_2ddc _cBK |
||
| 999 |
_c542172 _d542172 |
||